[Event "4NCL 2021-22"]
[Site "England"]
[Date "2022.03.26"]
[Round "5.55"]
[White "Arora, Tashika"]
[Black "Khoury, Theo"]
[Result "0-1"]
[WhiteElo "1823"]
[BlackElo "2011"]
[Annotator "ChessBase"]
[PlyCount "158"]
[EventDate "2021.11.27"]
[EventType "team-tourn"]
[EventCountry "ENG"]
[SourceTitle "playchess.com"]
[Source "ChessBase"]
[SourceQuality "1"]
[TimeControl "40/6000+30:3000+30"]

1. d4 {[%emt 0:05:11]} Nf6 {[%emt 0:00:09]} 2. c4 {[%emt 0:00:05]} c5 {[%emt 0:00:07]} 3. d5 {[%emt 0:00:06]} e6 {[%emt 0:00:11]} 4. Nc3 {[%emt 0:00:04]} exd5 {[%emt 0:00:09]} 5. cxd5 {[%emt 0:00:05]} d6 {[%emt 0:00:07]} 6. e4 {[%emt 0:00:14]} g6 {[%emt 0:00:06]} 7. f4 {[%emt 0:00:10]} Bg7 {[%emt 0:00:05]} 8. Bb5+ {[%emt 0:00:11]} Nfd7 {[%emt 0:00:07]} 9. Bd3 {[%emt 0:00:30]} O-O {[%emt 0:00:10]} 10. Nf3 {[%emt 0:00:17]} Nf6 {[%emt 0:02:34]} 11. O-O {[%emt 0:01:53]} Bg4 {[%emt 0:00:26]} 12. Be3 {[%emt 0:02:06]} Nbd7 {[%emt 0:01:05]} 13. h3 {[%emt 0:01:42]} Bxf3 {[%emt 0:00:15]} 14. Qxf3 {[%emt 0:00:21]} a6 {[%emt 0:01:26]} 15. a4 {[%emt 0:04:17]} Qa5 {[%emt 0:06:05]} 16. Qe2 {[%emt 0:04:32]} Rfe8 {[%emt 0:03:38]} 17. Kh2 {[%emt 0:03:23]} c4 {[%emt 0:02:34]} 18. Bc2 {[%emt 0:04:12]} Rac8 {[%emt 0:06:33]} 19. f5 {[%emt 0:05:22]} Nc5 {[%emt 0:04:11]} 20. fxg6 {[%emt 0:06:01]} fxg6 {[%emt 0:06:00]} 21. Bf4 {[%emt 0:06:27]} Qd8 {[%emt 0:07:01]} 22. g4 {[%emt 0:05:24]} Qe7 {[%emt 0:04:30]} 23. Qg2 {[%emt 0:01:48]} Nfd7 {[%emt 0:07:34]} 24. Rae1 {[%emt 0:06:48]} Be5 {[%emt 0:04:47]} 25. Kh1 {[%emt 0:07:16]} Bxf4 {[%emt 0:02:02]} 26. Rxf4 {[%emt 0:00:15]} Ne5 {[%emt 0:00:29]} 27. Ref1 {[%emt 0:01:28]} Rf8 {[%emt 0:04:33]} 28. g5 {[%emt 0:06:27]} Rxf4 {[%emt 0:02:25]} 29. Rxf4 {[%emt 0:00:13]} Rf8 {[%emt 0:00:18]} 30. Ne2 {[%emt 0:05:19]} Ned3 {[%emt 0:05:19]} 31. Bxd3 {[%emt 0:02:57]} cxd3 {[%emt 0:00:10]} 32. Rxf8+ {[%emt 0:01:03]} Qxf8 {[%emt 0:00:07]} 33. Nc3 {[%emt 0:03:36]} Qf4 {[%emt 0:01:08]} 34. a5 {[%emt 0:07:15]} d2 {[%emt 0:01:57]} 35. Qe2 {[%emt 0:03:11]} Qxg5 {[%emt 0:05:57]} 36. b4 {[%emt 0:03:43]} Nd7 {[%emt 0:03:16]} 37. Nb1 {[%emt 0:01:25]} Qe3 {[%emt 0:02:01]} 38. Qxe3 {[%emt 0:02:00]} d1=Q+ {[%emt 0:00:07]} 39. Qg1 {[%emt 0:00:14]} Qd3 {[%emt 0:00:10]} 40. Qe1 {[%emt 0:04:13]} Qxh3+ {[%emt 0:00:19]} 41. Kg1 {[%emt 0:50:03]} Ne5 {[%emt 0:50:53]} 42. Nd2 {[%emt 0:07:46]} Qg4+ {[%emt 0:04:19]} 43. Kf1 {[%emt 0:00:00]} Nd3 {[%emt 0:00:00]} 44. Qe3 {[%emt 0:00:00]} Nf4 {[%emt 0:00:00]} 45. Nc4 {[%emt 0:00:00]} Qg2+ {[%emt 0:00:00]} 46. Ke1 {[%emt 0:00:00]} Qg5 {[%emt 0:00:00]} 47. Kd1 {[%emt 0:00:00]} Qf6 {[%emt 0:00:00]} 48. Kc2 {[%emt 0:00:00]} Ng2 {[%emt 0:00:00]} 49. Qg3 {[%emt 0:00:00]} Qd4 {[%emt 0:00:00]} 50. Nxd6 {[%emt 0:00:00]} Ne3+ {[%emt 0:00:00]} 51. Kb3 {[%emt 0:00:00]} Qd3+ {[%emt 0:00:00]} 52. Ka2 {[%emt 0:00:00]} Qc2+ {[%emt 0:00:00]} 53. Ka3 {[%emt 0:00:00]} Nd1 {[%emt 0:00:00]} 54. Qe5 {[%emt 0:00:00]} Qc1+ {[%emt 0:00:00]} 55. Kb3 {[%emt 0:00:00]} Qb1+ {[%emt 0:00:00]} 56. Ka3 {[%emt 0:00:00]} Qd3+ {[%emt 0:00:00]} 57. Ka2 {[%emt 0:00:00]} Nc3+ {[%emt 0:00:00]} 58. Kb3 {[%emt 0:00:00]} Nxd5+ {[%emt 0:00:00]} 59. Kb2 {[%emt 0:00:00]} Qd2+ {[%emt 0:00:00]} 60. Kb3 {[%emt 0:00:00]} Qxb4+ {[%emt 0:00:00]} 61. Kc2 {[%emt 0:00:00]} Qc5+ {[%emt 0:00:00]} 62. Kb3 {[%emt 0:00:00]} Qe3+ {[%emt 0:00:00]} 63. Kc4 {[%emt 0:00:00]} Nc7 {[%emt 0:02:30]} 64. Qe7 {[%emt 0:00:33]} Qe2+ {[%emt 0:02:28]} 65. Kb4 {[%emt 0:00:57]} Nd5+ {[%emt 0:00:12]} 66. exd5 {[%emt 0:01:28]} Qxe7 {[%emt 0:00:09]} 67. Kc5 {[%emt 0:00:13]} Qc7+ {[%emt 0:00:08]} 68. Kd4 {[%emt 0:00:16]} Qxd6 {[%emt 0:00:08]} 69. Ke4 {[%emt 0:00:18]} Qb4+ {[%emt 0:00:07]} 70. Ke5 {[%emt 0:00:06]} Qxa5 {[%emt 0:00:07]} 71. Ke6 {[%emt 0:00:09]} Qd8 {[%emt 0:00:54]} 72. d6 {[%emt 0:00:12]} a5 {[%emt 0:00:05]} 73. Kd5 {[%emt 0:00:09]} a4 {[%emt 0:00:04]} 74. Kc4 {[%emt 0:00:16]} Qxd6 {[%emt 0:00:07]} 75. Kb5 {[%emt 0:00:07]} a3 {[%emt 0:00:07]} 76. Kc4 {[%emt 0:00:03]} a2 {[%emt 0:00:04]} 77. Kb5 {[%emt 0:00:03]} a1=Q {[%emt 0:00:16]} 78. Kc4 {[%emt 0:00:02]} Qdd4+ {[%emt 0:00:19]} 79. Kb5 {[%emt 0:00:16]} Qa6# {[%emt 0:00:36]} 0-1

[Event "4NCL 2021-22"]
[Site "England"]
[Date "2022.03.26"]
[Round "5.56"]
[White "Bennett, Patrick"]
[Black "Zakarian, Dimitrios Levon"]
[Result "1/2-1/2"]
[WhiteElo "1963"]
[BlackElo "1962"]
[Annotator "NA"]
[PlyCount "54"]
[EventDate "2021.11.27"]
[EventType "team-tourn"]
[EventCountry "ENG"]
[SourceTitle "playchess.com"]
[Source "ChessBase"]
[SourceQuality "1"]
[TimeControl "40/6000+30:3000+30"]

1. Nf3 {[%emt 0:00:06]} Nf6 {[%emt 0:00:07]} 2. c4 {[%emt 0:00:06]} e6 {[%emt 0:00:09]} 3. g3 {[%emt 0:00:14]} b6 {[%emt 0:00:30]} 4. Bg2 {[%emt 0:00:35]} Bb7 {[%emt 0:00:28]} 5. b3 {[%emt 0:01:11]} Be7 {[%emt 0:02:39]} 6. Bb2 {[%emt 0:00:12]} O-O {[%emt 0:00:43]} 7. O-O {[%emt 0:00:07]} c5 {[%emt 0:01:13]} 8. e3 {[%emt 0:06:10]} Qc7 {[%emt 0:04:52]} 9. Nc3 {[%emt 0:02:32]} a6 {[%emt 0:02:52]} 10. Rc1 {[%emt 0:01:52]} d6 {[%emt 0:03:25]} 11. d4 {[%emt 0:01:08]} Nbd7 {[%emt 0:06:44]} 12. Qc2 {[%emt 0:02:18]} Rac8 {[%emt 0:02:08]} 13. Rfd1 {[%emt 0:02:37]} cxd4 {[%emt 0:03:14]} 14. exd4 {[%emt 0:00:16]} Rfe8 {[%emt 0:01:30]} 15. Qd3 {[%emt 0:04:55]} e5 {[%emt 0:08:36]} 16. Nd5 {[%emt 0:12:12]} Qb8 {[%emt 0:01:22]} 17. dxe5 {[%emt 0:06:15]} Nxe5 {[%emt 0:19:43]} 18. Nxe5 {[%emt 0:22:15]} dxe5 {[%emt 0:00:32]} 19. Bxe5 {[%emt 0:00:56]} Qxe5 {[%emt 0:00:35]} 20. Re1 {[%emt 0:01:15]} Qg5 {[%emt 0:02:15]} 21. Nxf6+ {[%emt 0:02:46]} Qxf6 {[%emt 0:02:09]} 22. Bxb7 {[%emt 0:00:09]} Rcd8 {[%emt 0:00:08]} 23. Qf3 {[%emt 0:05:11]} Qxf3 {[%emt 0:01:23]} 24. Bxf3 {[%emt 0:00:02]} Bb4 {[%emt 0:00:48]} 25. Rxe8+ {[%emt 0:01:34]} Rxe8 {[%emt 0:00:05]} 26. Rd1 {[%emt 0:00:15]} Re1+ {[%emt 0:00:09]} 27. Rxe1 {[%emt 0:00:10]} Bxe1 {[%emt 0:00:04]} 1/2-1/2

[Event "4NCL 2021-22"]
[Site "England"]
[Date "2022.03.26"]
[Round "5.58"]
[White "Murphy, Hugh W"]
[Black "McKay, Roderick M"]
[Result "1/2-1/2"]
[WhiteElo "2107"]
[BlackElo "2208"]
[Annotator "ChessBase"]
[PlyCount "80"]
[EventDate "2021.11.27"]
[EventType "team-tourn"]
[EventCountry "ENG"]
[SourceTitle "playchess.com"]
[Source "ChessBase"]
[SourceQuality "1"]
[TimeControl "40/6000+30:3000+30"]

1. e4 {[%emt 0:01:11]} c5 {[%emt 0:00:16]} 2. Nf3 {[%emt 0:00:30]} e6 {[%emt 0:01:29]} 3. b4 {[%emt 0:01:33]} d6 {[%emt 0:02:15]} 4. bxc5 {[%emt 0:12:19]} dxc5 {[%emt 0:01:42]} 5. Nc3 {[%emt 0:05:45]} Nc6 {[%emt 0:01:20]} 6. Bb5 {[%emt 0:01:18]} Bd7 {[%emt 0:01:56]} 7. O-O {[%emt 0:00:40]} Nge7 {[%emt 0:01:30]} 8. Bb2 {[%emt 0:03:52]} a6 {[%emt 0:00:58]} 9. Bxc6 {[%emt 0:01:07]} Nxc6 {[%emt 0:00:21]} 10. Re1 {[%emt 0:01:18]} e5 {[%emt 0:04:52]} 11. Nd5 {[%emt 0:02:01]} Bd6 {[%emt 0:00:13]} 12. Ne3 {[%emt 0:03:05]} Be6 {[%emt 0:06:44]} 13. d3 {[%emt 0:14:19]} O-O {[%emt 0:00:57]} 14. h3 {[%emt 0:04:35]} f6 {[%emt 0:01:53]} 15. Nh4 {[%emt 0:02:00]} g6 {[%emt 0:02:21]} 16. Qf3 {[%emt 0:02:05]} f5 {[%emt 0:03:39]} 17. g3 {[%emt 0:02:48]} f4 {[%emt 0:12:04]} 18. Nc4 {[%emt 0:09:21]} Bc7 {[%emt 0:01:21]} 19. Qg2 {[%emt 0:01:55]} b5 {[%emt 0:06:52]} 20. Nd2 {[%emt 0:00:58]} Nb4 {[%emt 0:00:26]} 21. Ndf3 {[%emt 0:05:54]} Nxc2 {[%emt 0:06:21]} 22. gxf4 {[%emt 0:11:45]} Qf6 {[%emt 0:12:11]} 23. Rec1 {[%emt 0:04:45]} Nxa1 {[%emt 0:06:19]} 24. Bxa1 {[%emt 0:03:58]} c4 {[%emt 0:02:37]} 25. f5 {[%emt 0:01:35]} Bf7 {[%emt 0:01:42]} 26. d4 {[%emt 0:00:33]} Rfe8 {[%emt 0:07:26]} 27. dxe5 {[%emt 0:01:33]} Bxe5 {[%emt 0:03:02]} 28. Nxe5 {[%emt 0:00:13]} Rxe5 {[%emt 0:11:18]} 29. Nf3 {[%emt 0:00:59]} c3 {[%emt 0:02:08]} 30. Nxe5 {[%emt 0:03:57]} Qxe5 {[%emt 0:00:39]} 31. Bxc3 {[%emt 0:00:06]} Qf4 {[%emt 0:00:33]} 32. Re1 {[%emt 0:03:19]} Rd8 {[%emt 0:01:42]} 33. Bf6 {[%emt 0:02:15]} Re8 {[%emt 0:03:38]} 34. Re3 {[%emt 0:00:20]} Rc8 {[%emt 0:01:36]} 35. Re1 {[%emt 0:02:00]} Re8 {[%emt 0:00:07]} 36. Bg5 {[%emt 0:00:32]} Qe5 {[%emt 0:01:32]} 37. a3 {[%emt 0:00:21]} a5 {[%emt 0:01:02]} 38. Re3 {[%emt 0:01:14]} b4 {[%emt 0:01:17]} 39. axb4 {[%emt 0:00:05]} axb4 {[%emt 0:00:03]} 40. Qg3 {[%emt 0:01:49]} Qxg3+ {[%emt 0:01:12]} 1/2-1/2

[Event "4NCL 2021-22"]
[Site "England"]
[Date "2022.03.26"]
[Round "5.59"]
[White "Morrison, Graham"]
[Black "Modi, Shyam Jagdish"]
[Result "1/2-1/2"]
[WhiteElo "2258"]
[BlackElo "2128"]
[Annotator "ChessBase"]
[PlyCount "51"]
[EventDate "2021.11.27"]
[EventType "team-tourn"]
[EventCountry "ENG"]
[SourceTitle "playchess.com"]
[Source "ChessBase"]
[SourceQuality "1"]
[TimeControl "40/6000+30:3000+30"]

1. d4 {[%emt 0:00:05]} Nf6 {[%emt 0:00:13]} 2. c4 {[%emt 0:00:09]} g6 {[%emt 0:00:20]} 3. Nc3 {[%emt 0:00:08]} Bg7 {[%emt 0:00:20]} 4. e4 {[%emt 0:00:11]} d6 {[%emt 0:00:22]} 5. Nf3 {[%emt 0:00:11]} O-O {[%emt 0:00:38]} 6. Be2 {[%emt 0:00:10]} Nbd7 {[%emt 0:01:49]} 7. O-O {[%emt 0:00:20]} e5 {[%emt 0:00:52]} 8. Be3 {[%emt 0:00:21]} Re8 {[%emt 0:04:56]} 9. Qc2 {[%emt 0:02:55]} c6 {[%emt 0:22:12]} 10. d5 {[%emt 0:02:34]} Ng4 {[%emt 0:12:52]} 11. Bg5 {[%emt 0:00:20]} f6 {[%emt 0:10:34]} 12. Bh4 {[%emt 0:04:08]} Nh6 {[%emt 0:16:18]} 13. Rad1 {[%emt 0:05:05]} c5 {[%emt 0:00:55]} 14. Ne1 {[%emt 0:07:43]} Rf8 {[%emt 0:02:12]} 15. g4 {[%emt 0:06:32]} a6 {[%emt 0:03:18]} 16. Kh1 {[%emt 0:12:07]} Qe8 {[%emt 0:03:12]} 17. Rg1 {[%emt 0:05:41]} Kh8 {[%emt 0:02:39]} 18. Nd3 {[%emt 0:02:32]} Nb6 {[%emt 0:06:54]} 19. Qb3 {[%emt 0:02:46]} Nd7 {[%emt 0:02:56]} 20. a4 {[%emt 0:01:50]} Nf7 {[%emt 0:06:19]} 21. Rg2 {[%emt 0:05:17]} Qe7 {[%emt 0:03:02]} 22. Rdg1 {[%emt 0:00:28]} Bh6 {[%emt 0:00:51]} 23. Qc2 {[%emt 0:02:28]} Ng5 {[%emt 0:00:48]} 24. Rg3 {[%emt 0:06:22]} Nf7 {[%emt 0:00:47]} 25. R3g2 {[%emt 0:02:13]} Ng5 {[%emt 0:00:01]} 26. Rg3 {[%emt 0:01:20]} 1/2-1/2

[Event "4NCL 2021-22"]
[Site "England"]
[Date "2022.03.26"]
[Round "5.60"]
[White "Milson, Samuel A"]
[Black "Berry, Neil"]
[Result "1/2-1/2"]
[WhiteElo "2145"]
[BlackElo "2267"]
[Annotator "ChessBase"]
[PlyCount "65"]
[EventDate "2021.11.27"]
[EventType "team-tourn"]
[EventCountry "ENG"]
[SourceTitle "playchess.com"]
[Source "ChessBase"]
[SourceQuality "1"]
[TimeControl "40/6000+30:3000+30"]

1. e4 {[%emt 0:00:04]} e5 {[%emt 0:00:19]} 2. Nf3 {[%emt 0:00:13]} Nc6 {[%emt 0:00:19]} 3. Bc4 {[%emt 0:00:27]} Nf6 {[%emt 0:00:48]} 4. d4 {[%emt 0:00:26]} exd4 {[%emt 0:01:50]} 5. e5 {[%emt 0:00:30]} d5 {[%emt 0:02:27]} 6. Bb5 {[%emt 0:00:39]} Ne4 {[%emt 0:00:10]} 7. Nxd4 {[%emt 0:00:24]} Bc5 {[%emt 0:00:48]} 8. Be3 {[%emt 0:00:21]} O-O {[%emt 0:01:41]} 9. Nxc6 {[%emt 0:00:41]} bxc6 {[%emt 0:01:04]} 10. Bxc5 {[%emt 0:00:10]} Nxc5 {[%emt 0:00:07]} 11. Bxc6 {[%emt 0:00:30]} Rb8 {[%emt 0:02:10]} 12. Qxd5 {[%emt 0:01:34]} Qe7 {[%emt 0:03:15]} 13. O-O {[%emt 0:01:15]} Rxb2 {[%emt 0:02:16]} 14. Nc3 {[%emt 0:01:26]} Rxc2 {[%emt 0:05:17]} 15. Qd4 {[%emt 0:02:58]} Ne6 {[%emt 0:02:47]} 16. Qd3 {[%emt 0:01:00]} Rb2 {[%emt 0:00:27]} 17. Nd5 {[%emt 0:01:26]} Qc5 {[%emt 0:01:53]} 18. Rac1 {[%emt 0:01:22]} Qd4 {[%emt 0:03:07]} 19. Qf5 {[%emt 0:01:56]} Qh4 {[%emt 0:19:09]} 20. g3 {[%emt 0:16:15]} Nd4 {[%emt 0:29:32]} 21. Qd3 {[%emt 0:13:22]} Qg4 {[%emt 0:01:12]} 22. Ne7+ {[%emt 0:01:06]} Kh8 {[%emt 0:01:11]} 23. Rc4 {[%emt 0:04:17]} Ne2+ {[%emt 0:07:02]} 24. Kh1 {[%emt 0:01:30]} Ba6 {[%emt 0:03:15]} 25. Qxh7+ {[%emt 0:09:16]} Kxh7 {[%emt 0:00:06]} 26. Re4 {[%emt 0:00:07]} Qf4 27. Rxf4 {[%emt 0:00:31]} g6 {[%emt 0:00:46]} 28. Rg4 {[%emt 0:02:27]} Bc4 {[%emt 0:09:58]} 29. Re1 Bd3 {[%emt 0:00:00]} 30. Be4 {[%emt 0:07:41]} Bc4 {[%emt 0:02:20]} 31. Bf3 {[%emt 0:20:59]} Bd3 {[%emt 0:02:11]} 32. Be4 {[%emt 0:09:31]} Bc4 {[%emt 0:00:07]} 33. Bf3 {[%emt 0:01:09]} 1/2-1/2

[Event "4NCL 2021-22"]
[Site "England"]
[Date "2022.03.26"]
[Round "5.61"]
[White "Olson, Hamish"]
[Black "Lentzos, Ioanis"]
[Result "1/2-1/2"]
[WhiteElo "2296"]
[BlackElo "2104"]
[Annotator "ChessBase"]
[PlyCount "126"]
[EventDate "2021.11.27"]
[EventType "team-tourn"]
[EventCountry "ENG"]
[SourceTitle "playchess.com"]
[Source "ChessBase"]
[SourceQuality "1"]
[TimeControl "40/6000+30:3000+30"]

1. d4 {[%emt 0:00:16]} d5 {[%emt 0:00:05]} 2. Nf3 {[%emt 0:00:28]} Nf6 {[%emt 0:00:05]} 3. c4 {[%emt 0:01:00]} c6 {[%emt 0:00:09]} 4. Qb3 {[%emt 0:00:39]} dxc4 {[%emt 0:00:24]} 5. Qxc4 {[%emt 0:00:12]} Bf5 {[%emt 0:00:08]} 6. g3 {[%emt 0:00:23]} e6 {[%emt 0:00:22]} 7. Bg2 {[%emt 0:00:24]} Be7 {[%emt 0:00:49]} 8. O-O {[%emt 0:00:18]} O-O {[%emt 0:00:21]} 9. Qb3 {[%emt 0:00:32]} Qb6 {[%emt 0:00:58]} 10. Nbd2 {[%emt 0:01:32]} Rd8 {[%emt 0:08:44]} 11. Nc4 {[%emt 0:03:21]} Qa6 {[%emt 0:03:05]} 12. Bf4 {[%emt 0:05:03]} Be4 {[%emt 0:04:15]} 13. Rfd1 {[%emt 0:11:26]} c5 {[%emt 0:08:49]} 14. dxc5 {[%emt 0:08:05]} Nbd7 {[%emt 0:01:11]} 15. Bd6 {[%emt 0:11:52]} Nxc5 {[%emt 0:01:45]} 16. Bxc5 {[%emt 0:01:38]} Bxc5 {[%emt 0:00:08]} 17. a4 {[%emt 0:06:05]} b6 {[%emt 0:22:26]} 18. Nfe5 {[%emt 0:01:26]} Bxg2 {[%emt 0:01:10]} 19. Kxg2 {[%emt 0:00:08]} Qb7+ {[%emt 0:01:40]} 20. Qf3 {[%emt 0:02:14]} Qxf3+ {[%emt 0:07:35]} 21. Kxf3 {[%emt 0:00:31]} Nd5 {[%emt 0:01:10]} 22. Nd3 {[%emt 0:04:08]} Be7 {[%emt 0:11:39]} 23. Nce5 {[%emt 0:05:12]} Rdc8 {[%emt 0:21:04]} 24. e4 {[%emt 0:06:28]} Nb4 {[%emt 0:01:52]} 25. Nxb4 {[%emt 0:01:59]} Bxb4 {[%emt 0:00:04]} 26. Rac1 {[%emt 0:02:07]} f6 {[%emt 0:05:54]} 27. Nd3 {[%emt 0:05:35]} Bd6 {[%emt 0:00:30]} 28. b4 {[%emt 0:00:47]} Kf7 {[%emt 0:00:48]} 29. Ke3 {[%emt 0:01:24]} a5 {[%emt 0:01:01]} 30. Rxc8 {[%emt 0:05:14]} Rxc8 {[%emt 0:00:02]} 31. bxa5 {[%emt 0:00:13]} bxa5 {[%emt 0:00:04]} 32. Rc1 {[%emt 0:00:29]} Rxc1 {[%emt 0:02:27]} 33. Nxc1 {[%emt 0:00:07]} Bc5+ {[%emt 0:00:27]} 34. Ke2 {[%emt 0:02:08]} Ke7 {[%emt 0:00:10]} 35. Nd3 {[%emt 0:07:07]} Bd4 {[%emt 0:00:24]} 36. h4 {[%emt 0:04:34]} Kd6 {[%emt 0:00:21]} 37. h5 {[%emt 0:02:00]} f5 {[%emt 0:01:05]} 38. f3 {[%emt 0:02:04]} g6 {[%emt 0:02:03]} 39. hxg6 {[%emt 0:05:25]} hxg6 {[%emt 0:00:03]} 40. Kd2 {[%emt 0:00:44]} fxe4 {[%emt 0:02:23]} 41. fxe4 {[%emt 0:05:47]} Ke7 {[%emt 0:12:17]} 42. Ke2 {[%emt 0:02:07]} Kf6 {[%emt 0:05:48]} 43. Ne1 {[%emt 0:00:59]} Ke5 {[%emt 0:04:18]} 44. Kd3 {[%emt 0:00:37]} Bf2 {[%emt 0:00:34]} 45. Nf3+ {[%emt 0:00:16]} Kd6 {[%emt 0:00:25]} 46. g4 {[%emt 0:16:04]} Kc5 {[%emt 0:01:26]} 47. Ne5 {[%emt 0:03:11]} Kb4 {[%emt 0:05:24]} 48. Nxg6 {[%emt 0:00:21]} Kxa4 {[%emt 0:01:29]} 49. Kc4 {[%emt 0:00:51]} Ka3 {[%emt 0:00:38]} 50. Nf4 {[%emt 0:00:41]} a4 {[%emt 0:02:06]} 51. Kc3 {[%emt 0:04:28]} Be1+ {[%emt 0:06:42]} 52. Kc2 {[%emt 0:00:26]} Bg3 {[%emt 0:05:20]} 53. Nd3 {[%emt 0:01:41]} Bh4 {[%emt 0:00:19]} 54. Kc3 {[%emt 0:00:46]} Be7 {[%emt 0:02:04]} 55. Kc2 {[%emt 0:01:21]} Bf6 {[%emt 0:01:57]} 56. e5 {[%emt 0:04:25]} Bg5 {[%emt 0:00:08]} 57. Kc3 {[%emt 0:01:50]} Bh4 {[%emt 0:00:18]} 58. Kc2 {[%emt 0:05:43]} Bg5 {[%emt 0:00:23]} 59. Nc5 {[%emt 0:01:48]} Bf4 {[%emt 0:00:27]} 60. Nxe6 {[%emt 0:00:15]} Bxe5 {[%emt 0:00:07]} 61. Nc5 {[%emt 0:00:08]} Bf6 {[%emt 0:00:27]} 62. g5 {[%emt 0:00:31]} Bxg5 {[%emt 0:00:06]} 63. Nxa4 {[%emt 0:00:09]} Kxa4 {[%emt 0:00:03]} 1/2-1/2

[Event "4NCL 2021-22"]
[Site "England"]
[Date "2022.03.26"]
[Round "5.62"]
[White "McCarthy, Kevin C"]
[Black "Shafi, Declan"]
[Result "0-1"]
[WhiteElo "2012"]
[BlackElo "2188"]
[Annotator "ChessBase"]
[PlyCount "120"]
[EventDate "2021.11.27"]
[EventType "team-tourn"]
[EventCountry "ENG"]
[SourceTitle "playchess.com"]
[Source "ChessBase"]
[SourceQuality "1"]
[TimeControl "40/6000+30:3000+30"]

1. d4 {[%emt 0:00:21]} Nf6 {[%emt 0:00:12]} 2. Bf4 {[%emt 0:00:11]} g6 {[%emt 0:01:57]} 3. Nc3 {[%emt 0:00:46]} d5 {[%emt 0:00:08]} 4. e3 {[%emt 0:00:16]} Bg7 {[%emt 0:00:08]} 5. Nf3 {[%emt 0:00:20]} O-O {[%emt 0:00:18]} 6. h3 {[%emt 0:02:10]} c5 {[%emt 0:00:33]} 7. Nb5 {[%emt 0:07:02]} Na6 {[%emt 0:02:18]} 8. c3 {[%emt 0:05:20]} c4 {[%emt 0:11:00]} 9. Na3 {[%emt 0:19:02]} Ne4 {[%emt 0:05:07]} 10. Nd2 {[%emt 0:05:20]} f5 {[%emt 0:08:17]} 11. Nxe4 {[%emt 0:03:16]} fxe4 {[%emt 0:00:09]} 12. Be2 {[%emt 0:01:38]} e5 {[%emt 0:07:24]} 13. dxe5 {[%emt 0:04:09]} Nc5 {[%emt 0:02:15]} 14. O-O {[%emt 0:02:00]} Nd3 {[%emt 0:17:45]} 15. Bxd3 {[%emt 0:00:13]} exd3 {[%emt 0:00:13]} 16. Qd2 {[%emt 0:07:07]} Qe7 {[%emt 0:02:26]} 17. Nb5 {[%emt 0:01:55]} Bxe5 {[%emt 0:00:31]} 18. Bxe5 {[%emt 0:00:22]} Qxe5 {[%emt 0:00:08]} 19. Nd4 {[%emt 0:00:19]} Bd7 {[%emt 0:01:26]} 20. Rae1 {[%emt 0:07:06]} Rae8 {[%emt 0:01:02]} 21. f4 {[%emt 0:05:22]} Qd6 {[%emt 0:04:39]} 22. Rf3 {[%emt 0:05:00]} a5 {[%emt 0:04:33]} 23. Rb1 {[%emt 0:03:24]} b5 {[%emt 0:02:18]} 24. a3 {[%emt 0:00:57]} b4 {[%emt 0:03:02]} 25. axb4 {[%emt 0:01:52]} axb4 {[%emt 0:00:13]} 26. Ra1 {[%emt 0:01:29]} Ra8 {[%emt 0:01:54]} 27. Rff1 {[%emt 0:00:12]} Rfb8 {[%emt 0:02:12]} 28. Nf3 {[%emt 0:04:39]} Rxa1 {[%emt 0:07:53]} 29. Rxa1 {[%emt 0:00:07]} Qb6 {[%emt 0:00:09]} 30. Ne5 {[%emt 0:01:52]} Be8 {[%emt 0:03:48]} 31. Ra2 {[%emt 0:01:02]} bxc3 {[%emt 0:02:03]} 32. bxc3 {[%emt 0:01:37]} Qb3 {[%emt 0:00:14]} 33. Ng4 {[%emt 0:04:30]} Rb6 {[%emt 0:03:34]} 34. Kh2 {[%emt 0:02:51]} Ba4 {[%emt 0:03:26]} 35. Nf2 {[%emt 0:00:19]} Qb5 {[%emt 0:01:39]} 36. g4 {[%emt 0:01:20]} Ra6 {[%emt 0:02:11]} 37. Qc1 {[%emt 0:05:01]} Bb3 {[%emt 0:01:27]} 38. Ra3 {[%emt 0:00:59]} d2 {[%emt 0:02:27]} 39. Qa1 {[%emt 0:00:39]} Rxa3 {[%emt 0:00:25]} 40. Qxa3 {[%emt 0:00:05]} d1=Q {[%emt 0:00:19]} 41. Nxd1 {[%emt 0:50:45]} Bxd1 {[%emt 0:50:08]} 42. Qe7 {[%emt 0:00:58]} Qc6 {[%emt 0:05:53]} 43. Qd8+ {[%emt 0:00:56]} Kf7 {[%emt 0:00:15]} 44. Qh8 {[%emt 0:00:37]} Qf6 {[%emt 0:00:52]} 45. Qxh7+ {[%emt 0:06:08]} Qg7 {[%emt 0:00:14]} 46. Qxg7+ {[%emt 0:00:00]} Kxg7 {[%emt 0:00:00]} 47. Kg3 {[%emt 0:00:00]} Kf6 {[%emt 0:00:00]} 48. Kh4 {[%emt 0:00:00]} g5+ {[%emt 0:00:00]} 49. Kg3 {[%emt 0:00:00]} gxf4+ {[%emt 0:00:00]} 50. Kxf4 {[%emt 0:00:00]} Bc2 {[%emt 0:00:00]} 51. h4 {[%emt 0:00:00]} Bd3 {[%emt 0:00:00]} 52. h5 {[%emt 0:00:00]} Bc2 {[%emt 0:00:00]} 53. g5+ {[%emt 0:00:00]} Ke6 {[%emt 0:00:00]} 54. g6 {[%emt 0:00:00]} Kf6 {[%emt 0:00:00]} 55. Kg4 {[%emt 0:00:00]} Bd1+ {[%emt 0:00:00]} 56. Kh4 {[%emt 0:00:00]} Bf3 {[%emt 0:00:00]} 57. g7 {[%emt 0:00:00]} Kxg7 {[%emt 0:00:00]} 58. Kg5 {[%emt 0:00:00]} Be4 {[%emt 0:00:00]} 59. h6+ {[%emt 0:00:00]} Kh7 {[%emt 0:00:00]} 60. Kh5 {[%emt 0:00:00]} Bd3 {[%emt 0:00:00]} 0-1

[Event "4NCL 2021-22"]
[Site "England"]
[Date "2022.03.26"]
[Round "5.63"]
[White "Schwartz, Julius"]
[Black "Dunn, Maxim"]
[Result "1-0"]
[WhiteElo "2088"]
[BlackElo "1742"]
[Annotator "NA"]
[PlyCount "50"]
[EventDate "2021.11.27"]
[EventType "team-tourn"]
[EventCountry "ENG"]
[SourceTitle "playchess.com"]
[Source "ChessBase"]
[SourceQuality "1"]
[TimeControl "40/6000+30:3000+30"]

1. e4 {[%emt 0:03:12]} c5 {[%emt 0:00:10]} 2. Nf3 {[%emt 0:00:07]} d6 {[%emt 0:00:04]} 3. d4 {[%emt 0:00:04]} cxd4 {[%emt 0:00:04]} 4. Nxd4 {[%emt 0:00:10]} Nf6 {[%emt 0:00:06]} 5. Nc3 {[%emt 0:00:07]} a6 {[%emt 0:00:03]} 6. f3 {[%emt 0:00:08]} e5 {[%emt 0:00:19]} 7. Nb3 {[%emt 0:00:09]} Be7 {[%emt 0:00:07]} 8. Be3 {[%emt 0:01:08]} Be6 {[%emt 0:00:07]} 9. Qd2 {[%emt 0:00:24]} h5 {[%emt 0:00:05]} 10. Nd5 {[%emt 0:00:16]} Nxd5 {[%emt 0:03:30]} 11. exd5 {[%emt 0:00:08]} Bf5 {[%emt 0:00:10]} 12. Na5 {[%emt 0:03:08]} Qc7 {[%emt 0:07:28]} 13. Nc4 {[%emt 0:01:51]} Nd7 {[%emt 0:01:06]} 14. a4 {[%emt 0:00:44]} O-O {[%emt 0:06:19]} 15. a5 {[%emt 0:01:56]} Rfe8 {[%emt 0:27:03]} 16. Be2 {[%emt 0:06:59]} h4 {[%emt 0:03:04]} 17. O-O {[%emt 0:03:24]} Rac8 {[%emt 0:09:33]} 18. Ra4 {[%emt 0:07:26]} Nc5 {[%emt 0:09:46]} 19. Ra3 {[%emt 0:01:46]} e4 {[%emt 0:08:12]} 20. Bd4 {[%emt 0:09:03]} Bg6 {[%emt 0:04:54]} 21. f4 {[%emt 0:04:59]} f5 {[%emt 0:09:23]} 22. g4 {[%emt 0:03:23]} hxg3 {[%emt 0:03:02]} 23. Rxg3 {[%emt 0:01:14]} e3 {[%emt 0:00:06]} 24. Qd1 {[%emt 0:01:31]} Kf7 {[%emt 0:01:29]} 25. Bh5 {[%emt 0:00:57]} Rh8 {[%emt 0:04:03]} 1-0